ბათუმის შოთა რუსთაველის სახელმწიფო უნივერსიტეტის ბიბლიოთეკა

Responsible Conduct of Research / (ბიბ.ჩანაწერი № 62068)

000 -LEADER
fixed length control field 00641nam a22002057a 4500
005 - DATE AND TIME OF LATEST TRANSACTION
control field 20240702123018.0
008 - FIXED-LENGTH DATA ELEMENTS--GENERAL INFORMATION
fixed length control field 240702s2015 enk||||| |||| 00| 0 eng d
020 ## - INTERNATIONAL STANDARD BOOK NUMBER
International Standard Book Number 9780199376025x
041 ## - LANGUAGE CODE
Language code of text/sound track or separate title eng
080 ## - UNIVERSAL DECIMAL CLASSIFICATION NUMBER
Universal Decimal Classification number 17:338:61 Sh-53
100 ## - MAIN ENTRY--PERSONAL NAME
Personal name Shamoo, Adil E.
9 (RLIN) 22658
245 ## - TITLE STATEMENT
Title Responsible Conduct of Research /
Statement of responsibility, etc. Adil E. Shamoo, David B. Resnik.
250 ## - EDITION STATEMENT
Edition statement Third Edition
264 ## - PRODUCTION, PUBLICATION, DISTRIBUTION, MANUFACTURE, AND COPYRIGHT NOTICE
Place of production, publication, distribution, manufacture ‎ Oxford :
Name of producer, publisher, distributor, manufacturer Oxford University Press,
Date of production, publication, distribution, manufacture, or copyright notice 2015.
300 ## - PHYSICAL DESCRIPTION
Extent 346 p.;
Other physical details 24 cm.
653 ## - INDEX TERM--UNCONTROLLED
keyword ეთიკა
653 ## - INDEX TERM--UNCONTROLLED
keyword მედიცინა
700 ## - ADDED ENTRY--PERSONAL NAME
Personal name Resnik, David B.
Relator term ავტორი
9 (RLIN) 22650
942 ## - ADDED ENTRY ELEMENTS (KOHA)
Source of classification or shelving scheme
Koha item type წიგნი
ეგზემპლარები
Withdrawn status Lost status Source of classification or shelving scheme Damaged status Not for loan Permanent Location Current Location Shelving location Date acquired Cost, normal purchase price Full call number Barcode Date last seen Copy number Price effective from Koha item type Public note
          ბათუმის შოთა რუსთაველის სახელმწიფო უნივერსიტეტის მთავარი ბიბლიოთეკა ბათუმის შოთა რუსთაველის სახელმწიფო უნივერსიტეტის მთავარი ბიბლიოთეკა წიგნსაცავი 2024-07-02 174.00 17:338:61 Sh-53 66001 2024-07-02 66001 2024-07-02 წიგნი 174 ლ.